000 01204nam a2200325 i 4500
001 000008001
003 DO-SdBNP
005 20250206123232.0
007 ta
008 090914s1977 dr ab 001 0 spa d
040 _aDO-SdBNP
_bspa
_cBNPHU
_erda
082 _a320.97293
_bG861e
_222
100 1 _aGrimaldi, Víctor,
_d1949-
_91699
245 1 0 _aEntrevistas - análisis - reportajes /
_cVíctor Grimaldi.
264 1 _aSanto Domingo :
_bCosmos,
_c1977.
300 _a395 páginas
_bilustraciones, mapas
_c26 cm.
336 _2rdacontent
_atexto
_btxt
337 _2rdamedia
_asin mediación
_bn
338 _2rdacarrier
_avolumen
_bnc
500 _aIncluye índice
590 _aInventariado, 2021 / DG
650 4 _aEstados Unidos
_xRelaciones con República Dominicana
_979471
650 4 _aRepública Dominicana
_xPolítica
_937004
651 4 _aRepública Dominicana
_xRelaciones con Estados Unidos
_979578
651 4 _aRepública Dominicana
_xPolítica y gobierno
_y1961-
_9204
651 4 _aRepública Dominicana
_xCondiciones económicas
_y1961-
_97344
651 4 _aRepública Dominicana
_xCondiciones sociales
_y1961-
_97345
910 _aDG/Validado. Control de calidad MFF
942 _2ddc
_cLBS1
999 _c7778
_d7778